<?xml version="1.0" encoding="UTF-8"?>
<record
    xmlns:xsi="http://www.w3.org/2001/XMLSchema-instance"
    xsi:schemaLocation="http://www.loc.gov/MARC21/slim http://www.loc.gov/standards/marcxml/schema/MARC21slim.xsd"
    xmlns="http://www.loc.gov/MARC21/slim">

  <leader>01907nam a22004577i 4500</leader>
  <controlfield tag="001">193419</controlfield>
  <controlfield tag="003">ES-MaACL</controlfield>
  <controlfield tag="005">20250814090543.0</controlfield>
  <controlfield tag="007">ta</controlfield>
  <controlfield tag="008">231129e1999    sp ||||| |||| 00| 0 spa d</controlfield>
  <datafield tag="017" ind1=" " ind2=" ">
    <subfield code="a">Z 646-1999</subfield>
    <subfield code="b">Oficina Dep&#xF3;sito Legal Zaragoza</subfield>
  </datafield>
  <datafield tag="040" ind1=" " ind2=" ">
    <subfield code="b">spa</subfield>
    <subfield code="c">ES-MaACL</subfield>
  </datafield>
  <datafield tag="080" ind1=" " ind2=" ">
    <subfield code="a">821.134.2 Bu&#xF1;uel, Luis 1.06</subfield>
  </datafield>
  <datafield tag="080" ind1=" " ind2=" ">
    <subfield code="a">821.134.2-1"19"</subfield>
  </datafield>
  <datafield tag="080" ind1=" " ind2=" ">
    <subfield code="a">791.31:82</subfield>
  </datafield>
  <datafield tag="245" ind1="0" ind2="0">
    <subfield code="a">Luis Bu&#xF1;uel :</subfield>
    <subfield code="b">el cine, instrumento de poes&#xED;a /</subfield>
    <subfield code="c">[realizado bajo la direcci&#xF3;n de Carmen Pe&#xF1;a]</subfield>
  </datafield>
  <datafield tag="260" ind1=" " ind2=" ">
    <subfield code="a">Zaragoza :</subfield>
    <subfield code="b">Universidad de Zaragoza, Vicerrectorado de Extensi&#xF3;n Universitaria,</subfield>
    <subfield code="c">[1999]</subfield>
  </datafield>
  <datafield tag="300" ind1=" " ind2=" ">
    <subfield code="a">35 p&#xE1;ginas :  </subfield>
    <subfield code="b">ilustraciones (blanco y negro), </subfield>
    <subfield code="c">22 cm</subfield>
  </datafield>
  <datafield tag="336" ind1=" " ind2=" ">
    <subfield code="2">rdacontent</subfield>
    <subfield code="a">Texto</subfield>
  </datafield>
  <datafield tag="337" ind1=" " ind2=" ">
    <subfield code="2">rdamedia</subfield>
    <subfield code="a">sin mediaci&#xF3;n</subfield>
  </datafield>
  <datafield tag="338" ind1=" " ind2=" ">
    <subfield code="2">rdacarrier</subfield>
    <subfield code="a">volumen</subfield>
  </datafield>
  <datafield tag="490" ind1="0" ind2=" ">
    <subfield code="a">Tradiciones po&#xE9;ticas espa&#xF1;olas en este fin de siglo ;</subfield>
    <subfield code="v">5</subfield>
  </datafield>
  <datafield tag="490" ind1="1" ind2=" ">
    <subfield code="a">Poes&#xED;a en el campus ; </subfield>
    <subfield code="v">45</subfield>
  </datafield>
  <datafield tag="500" ind1=" " ind2=" ">
    <subfield code="a">En cub.: Curso 1999-2000</subfield>
  </datafield>
  <datafield tag="504" ind1=" " ind2=" ">
    <subfield code="a">Bibliograf&#xED;a: p&#xE1;ginas 29-31</subfield>
  </datafield>
  <datafield tag="505" ind1=" " ind2=" ">
    <subfield code="a">El arco iris y la cataplasma; P&#xE1;jaro de angustia; El cine, instrumento de poes&#xED;a</subfield>
  </datafield>
  <datafield tag="530" ind1=" " ind2=" ">
    <subfield code="3">Disponible en formato digital</subfield>
  </datafield>
  <datafield tag="600" ind1="1" ind2="4">
    <subfield code="9">32562</subfield>
    <subfield code="a">Bu&#xF1;uel, Luis,</subfield>
    <subfield code="d">1900-1983-</subfield>
    <subfield code="x">Cr&#xED;tica e interpretaci&#xF3;n</subfield>
  </datafield>
  <datafield tag="650" ind1=" " ind2="7">
    <subfield code="a">Cine y literatura</subfield>
    <subfield code="2">embne</subfield>
    <subfield code="9">11036</subfield>
  </datafield>
  <datafield tag="700" ind1="1" ind2=" ">
    <subfield code="9">144898</subfield>
    <subfield code="a">Pe&#xF1;a Ardid, Carmen</subfield>
    <subfield code="e">pbd</subfield>
  </datafield>
  <datafield tag="700" ind1="1" ind2=" ">
    <subfield code="9">32559</subfield>
    <subfield code="a">Bu&#xF1;uel, Luis,</subfield>
    <subfield code="d">1900-1983</subfield>
    <subfield code="e">aut</subfield>
  </datafield>
  <datafield tag="710" ind1="2" ind2=" ">
    <subfield code="a">Universidad de Zaragoza</subfield>
    <subfield code="e">edt</subfield>
    <subfield code="9">7352</subfield>
  </datafield>
  <datafield tag="830" ind1=" " ind2="0">
    <subfield code="9">234603</subfield>
    <subfield code="a">Poes&#xED;a en el campus ;</subfield>
    <subfield code="v">45</subfield>
  </datafield>
  <datafield tag="852" ind1=" " ind2=" ">
    <subfield code="a">ES-MaACL</subfield>
    <subfield code="c">DEPOF</subfield>
    <subfield code="h">Legado: Asunci&#xF3;n Valero</subfield>
    <subfield code="j">2333-F-25</subfield>
    <subfield code="9">200880</subfield>
    <subfield code="z">Revisado enlace: 05 de mayo de 2025</subfield>
  </datafield>
  <datafield tag="856" ind1="4" ind2=" ">
    <subfield code="u">https://ifc.dpz.es/publicaciones/ver/id/2812</subfield>
    <subfield code="y">Versi&#xF3;n en l&#xED;nea</subfield>
    <subfield code="z">(Instituci&#xF3;n Fernando el Cat&#xF3;lico) </subfield>
  </datafield>
  <datafield tag="903" ind1=" " ind2=" ">
    <subfield code="a">Valero Gancedo, Asunci&#xF3;n,</subfield>
    <subfield code="d">-2021</subfield>
    <subfield code="e">dnr</subfield>
    <subfield code="9">173628</subfield>
  </datafield>
  <datafield tag="942" ind1=" " ind2=" ">
    <subfield code="c">FOLLETOS</subfield>
    <subfield code="n">0</subfield>
  </datafield>
  <datafield tag="999" ind1=" " ind2=" ">
    <subfield code="c">193419</subfield>
    <subfield code="d">193419</subfield>
  </datafield>
  <datafield tag="952" ind1=" " ind2=" ">
    <subfield code="0">0</subfield>
    <subfield code="1">0</subfield>
    <subfield code="2">udc</subfield>
    <subfield code="4">0</subfield>
    <subfield code="7">0</subfield>
    <subfield code="a">ATENEOM</subfield>
    <subfield code="b">ATENEOM</subfield>
    <subfield code="c">DEPOF</subfield>
    <subfield code="d">2023-11-29</subfield>
    <subfield code="e">LEGADO</subfield>
    <subfield code="j">1</subfield>
    <subfield code="l">0</subfield>
    <subfield code="o">2333-F-25</subfield>
    <subfield code="p">101206166</subfield>
    <subfield code="r">2023-11-29 00:00:00</subfield>
    <subfield code="y">FOLLETOS</subfield>
  </datafield>
</record>
